[Event "ODJM B 2016"]
[Site "Willingen GER"]
[Date "2016.05.18"]
[Round "6"]
[White "Tran, Minh Dat"]
[Black "Zell, Mirjam"]
[Result "0-1"]
[Termination "normal"]
[Board "25"]
[WhiteElo "1258"]
[BlackElo "1677"]
[PlyCount "74"]
[WhiteFideId "16244702"]
[BlackFideId "16208544"]
[EventCountry "GER"]
[EventRounds "9"]
[EventType "swiss"]
[EventDate "2016.05.14"]

1. e4 e5 2. Nc3 Nc6 3. Bc4 Nf6 4. d3 Bc5 5. Bg5 h6 6. Bh4 Be7 7. Nf3 g5 8. Bg3
d6 9. h3 Be6 10. Bxe6 fxe6 11. d4 exd4 12. Nxd4 Qd7 13. Qd2 O-O-O 14. O-O-O
Rdf8 15. Nde2 Nh5 16. Rhf1 Bf6 17. f4 Nxg3 18. Nxg3 gxf4 19. Nh5 Bg5 20. Kb1
Qe8 21. Qe2 Nd8 22. Qg4 Rhg8 23. h4 Be7 24. Qf3 Bxh4 25. Rh1 Bg5 26. g3 fxg3
27. Qxg3 Bf4 28. Qf3 Be5 29. Qe3 Rg5 30. Qxa7 Bxc3 31. bxc3 Qb5+ 32. Kc1 Rxh5
33. Rxh5 Qxh5 34. Qa8+ Kd7 35. Qa4+ Nc6 36. Qb3 Qa5 37. Qxb7 Rb8 0-1

[Event "ODJM B 2016"]
[Site "Willingen GER"]
[Date "2016.05.18"]
[Round "6"]
[White "Schirrmeister, Laura"]
[Black "Schranz, Patrick"]
[Result "1/2-1/2"]
[Termination "normal"]
[Board "26"]
[WhiteElo "1351"]
[BlackElo "1493"]
[PlyCount "41"]
[WhiteFideId "24694967"]
[BlackFideId "12987298"]
[EventCountry "GER"]
[EventRounds "9"]
[EventType "swiss"]
[EventDate "2016.05.14"]

1. e4 e5 2. Nf3 Nc6 3. Bc4 Bc5 4. c3 Na5 5. Nxe5 Nxc4 6. Nxc4 d5 7. d4 dxc4 8.
dxc5 Qxd1+ 9. Kxd1 Bg4+ 10. f3 O-O-O+ 11. Ke2 Be6 12. Na3 Nf6 13. Nb5 a6 14.
Nd4 Rhe8 15. Nxe6 Rxe6 16. Bg5 Rde8 17. Bxf6 gxf6 18. Rad1 Re5 19. c6 bxc6 20.
Rd4 Rb5 21. Rb1 1/2-1/2

[Event "ODJM B 2016"]
[Site "Willingen GER"]
[Date "2016.05.18"]
[Round "6"]
[White "Rosenhain, Jonathan"]
[Black "Borgmann, Simon"]
[Result "0-1"]
[Termination "normal"]
[Board "28"]
[WhiteElo "1222"]
[BlackElo "1318"]
[PlyCount "74"]
[WhiteFideId "16212169"]
[BlackFideId "16234677"]
[EventCountry "GER"]
[EventRounds "9"]
[EventType "swiss"]
[EventDate "2016.05.14"]

1. e4 e5 2. Nf3 Nc6 3. Bc4 Bc5 4. O-O d6 5. c3 Nf6 6. d3 O-O 7. Nbd2 Bg4 8. Re1
a6 9. Nf1 Qe7 10. h3 Be6 11. Bb3 Ba7 12. Ng3 Qd7 13. Bg5 Kh8 14. Qd2 Bxb3 15.
axb3 Qe6 16. b4 Ne7 17. Bxf6 gxf6 18. Qh6 Rg8 19. Kh1 Bxf2 20. Nh5 Rg6 21. Qd2
Bxe1 22. Rxe1 Rag8 23. d4 Rxg2 24. Qxg2 Rxg2 25. Kxg2 f5 26. dxe5 Qg6+ 27. Ng3
f4 28. Kf1 Qxg3 29. Nd2 dxe5 30. Nb3 Qxh3+ 31. Kf2 Qh2+ 32. Kf3 Ng6 33. Rd1
Nh4+ 34. Kg4 Qg3+ 35. Kh5 Nf3 36. Rd8+ Kg7 37. Rg8+ Kxg8 0-1

[Event "ODJM B 2016"]
[Site "Willingen GER"]
[Date "2016.05.18"]
[Round "6"]
[White "Gloyer, Fabian"]
[Black "Arndt, Lena"]
[Result "0-1"]
[Termination "normal"]
[Board "29"]
[WhiteElo "1386"]
[BlackElo "1124"]
[PlyCount "90"]
[WhiteFideId "16205944"]
[BlackFideId "16262476"]
[EventCountry "GER"]
[EventRounds "9"]
[EventType "swiss"]
[EventDate "2016.05.14"]

1. e4 e6 2. d4 d5 3. e5 c5 4. c3 Nc6 5. Be3 Qb6 6. Qd2 Bd7 7. Nf3 cxd4 8. cxd4
Bb4 9. Nc3 Rc8 10. Rc1 Na5 11. h3 Nc4 12. Bxc4 Rxc4 13. O-O Ne7 14. Rc2 O-O 15.
Qd3 Rfc8 16. g4 Bb5 17. Qd2 Qa5 18. a3 Bxc3 19. bxc3 b6 20. Rb1 Ba4 21. Rcc1
Rxc3 22. Rxc3 Qxc3 23. Qxc3 Rxc3 24. Rc1 Rxc1+ 25. Bxc1 Nc6 26. Kf1 Bd1 27. Kg2
Bxf3+ 28. Kxf3 Nxd4+ 29. Ke3 Nc6 30. f4 h6 31. h4 Kh7 32. Kd3 Kg6 33. Kc3 f6
34. exf6 Kxf6 35. Kd3 Kg6 36. Bb2 Kf7 37. Ke3 g6 38. Kd3 h5 39. g5 Ke7 40. Be5
Nxe5+ 41. fxe5 Kd7 42. Kc3 Kc6 43. Kb3 Kc5 44. Kc3 d4+ 45. Kd3 Kd5 0-1

[Event "ODJM B 2016"]
[Site "Willingen GER"]
[Date "2016.05.18"]
[Round "6"]
[White "Abicht, Aruna Sophia"]
[Black "Unbehend, Marius"]
[Result "1/2-1/2"]
[Termination "normal"]
[Board "30"]
[WhiteElo "1060"]
[BlackElo "1311"]
[PlyCount "52"]
[BlackFideId "16214420"]
[EventCountry "GER"]
[EventRounds "9"]
[EventType "swiss"]
[EventDate "2016.05.14"]

1. d4 e6 2. Nf3 f5 3. Bf4 Nf6 4. e3 d5 5. Bd3 c6 6. O-O Be7 7. Nbd2 O-O 8. Ne5
Nbd7 9. Ndf3 Ne4 10. Nxd7 Bxd7 11. Ne5 Be8 12. f3 Nf6 13. h3 Nh5 14. Bh2 f4 15.
exf4 Nxf4 16. Bxf4 Rxf4 17. g3 Rf8 18. c3 Bf6 19. f4 Bxe5 20. fxe5 Rxf1+ 21.
Qxf1 Qg5 22. Qf4 Qxf4 23. gxf4 Bd7 24. Rf1 g6 25. c4 Rc8 26. Kg2 Kg7 1/2-1/2

[Event "ODJM B 2016"]
[Site "Willingen GER"]
[Date "2016.05.18"]
[Round "6"]
[White "Arnold, Alexandria"]
[Black "Feil, Alexander"]
[Result "1-0"]
[Termination "normal"]
[Board "31"]
[WhiteElo "1047"]
[BlackElo "1371"]
[PlyCount "105"]
[WhiteFideId "16205383"]
[BlackFideId "4002954"]
[EventCountry "GER"]
[EventRounds "9"]
[EventType "swiss"]
[EventDate "2016.05.14"]

1. Nf3 d5 2. e3 Nf6 3. c4 e6 4. Be2 Nc6 5. O-O e5 6. cxd5 Nxd5 7. Bc4 Bg4 8.
Be2 Bxf3 9. Bxf3 Bc5 10. Qa4 O-O 11. Qc4 e4 12. Bxe4 Nf6 13. Bxc6 bxc6 14. Qxc5
Qd6 15. Qxd6 cxd6 16. d4 d5 17. Nd2 Rfe8 18. Nf3 Nd7 19. b3 f6 20. Ba3 Re6 21.
Rfc1 a6 22. Bb2 Rb8 23. Rc2 Rb7 24. Nd2 Nb8 25. a4 f5 26. Ba3 a5 27. Rb1 Na6
28. Nf3 Nb4 29. Bxb4 axb4 30. h3 Rb6 31. Rbc1 Kf8 32. Ne5 Rd6 33. Rxc6 Rdxc6
34. Rxc6 Rxc6 35. Nxc6 Ke8 36. Nxb4 g5 37. Nxd5 Kf7 38. a5 h5 39. a6 g4 40.
hxg4 hxg4 41. a7 f4 42. a8=Q fxe3 43. Qb7+ Ke6 44. Nxe3 g3 45. Qd5+ Kf6 46.
Ng4+ Kg6 47. b4 Kg7 48. b5 Kg6 49. b6 Kh7 50. b7 Kg7 51. b8=Q gxf2+ 52. Nxf2
Kh6 53. Qb6+ 1-0

[Event "ODJM B 2016"]
[Site "Willingen GER"]
[Date "2016.05.18"]
[Round "6"]
[White "Rautenberg, Jakob"]
[Black "Hamm, Oliver"]
[Result "1/2-1/2"]
[Termination "normal"]
[Board "32"]
[WhiteElo "1704"]
[BlackElo "1400"]
[PlyCount "68"]
[WhiteFideId "16214749"]
[BlackFideId "12999016"]
[EventCountry "GER"]
[EventRounds "9"]
[EventType "swiss"]
[EventDate "2016.05.14"]

1. e4 d5 2. exd5 Qxd5 3. Nc3 Qa5 4. d4 c6 5. Nf3 Bf5 6. Bc4 e6 7. Bd2 Qc7 8.
O-O Nf6 9. Re1 Bd6 10. Bg5 Nbd7 11. h3 h6 12. Bd2 O-O-O 13. Qb1 g5 14. b4 g4
15. hxg4 Nxg4 16. b5 Nb6 17. Be2 Bh2+ 18. Kf1 Nxf2 19. Nxh2 Qxh2 20. Kxf2 Rhg8
21. Bf3 Bg4 22. Rh1 Qd6 23. Ne2 Bxf3 24. gxf3 Rg7 25. Bxh6 Rg6 26. Bf4 Qd5 27.
bxc6 Qxc6 28. Rh2 Nd5 29. Be5 Nc3 30. Nxc3 Qxc3 31. Qd1 Rdg8 32. Rh8 Rg2+ 33.
Kf1 Rg1+ 34. Ke2 R1g2+ 1/2-1/2

[Event "ODJM B 2016"]
[Site "Willingen GER"]
[Date "2016.05.18"]
[Round "6"]
[White "Lorenz, Keana"]
[Black "Schiewe, Nadin"]
[Result "1-0"]
[Termination "normal"]
[Board "33"]
[WhiteElo "1037"]
[BlackElo "1292"]
[PlyCount "107"]
[WhiteFideId "12990248"]
[BlackFideId "16209079"]
[EventCountry "GER"]
[EventRounds "9"]
[EventType "swiss"]
[EventDate "2016.05.14"]

1. e4 d5 2. exd5 Qxd5 3. Nc3 Qa5 4. d4 c6 5. Bc4 Bf5 6. Bd2 Qc7 7. Qe2 e6 8. d5
e5 9. dxc6 bxc6 10. Nf3 Bd6 11. Ng5 Bg6 12. Qf3 f6 13. Ne6 Qd7 14. O-O-O h5 15.
h4 Rh7 16. Be3 Qe7 17. Bc5 Bxc5 18. Rd8+ Qxd8 19. Nxd8 Kxd8 20. Rd1+ Kc7 21.
Bxg8 Rh8 22. Be6 Re8 23. Bb3 Nd7 24. Ba4 Re6 25. a3 Nb6 26. b4 Bd4 27. Bb3 Rd6
28. b5 Rad8 29. bxc6 Bxc3 30. Rxd6 Rxd6 31. Qxc3 Rxc6 32. Qg3 Bf5 33. Qxg7+ Kb8
34. a4 Nd7 35. f3 Nc5 36. Bd5 Nd3+ 37. Kd1 Nb2+ 38. Ke1 Rb6 39. Qf8+ Bc8 40. a5
Ra6 41. Qb4+ Kc7 42. Qxb2 Bf5 43. Qb7+ Kd6 44. Qxa6+ Kxd5 45. Qxf6 Bxc2 46.
Qf7+ Kd4 47. Qxh5 a6 48. Qg4+ Kc3 49. h5 Kb2 50. h6 Ka1 51. Kd2 Kb1 52. Qb4+
Ka1 53. Kxc2 e4 54. Qa3# 1-0

[Event "ODJM B 2016"]
[Site "Willingen GER"]
[Date "2016.05.18"]
[Round "6"]
[White "Wagner, Margarethe"]
[Black "Reuter, Max"]
[Result "1/2-1/2"]
[Termination "normal"]
[Board "34"]
[WhiteElo "1036"]
[BlackElo "1268"]
[PlyCount "93"]
[WhiteFideId "16236947"]
[BlackFideId "16263715"]
[EventCountry "GER"]
[EventRounds "9"]
[EventType "swiss"]
[EventDate "2016.05.14"]

1. e4 c5 2. Nf3 e6 3. d4 cxd4 4. Nxd4 a6 5. Nc3 Qc7 6. Be3 Nf6 7. Bd3 Bb4 8.
Bd2 b5 9. O-O Bb7 10. Kh1 O-O 11. a3 Bxc3 12. Bxc3 Nxe4 13. Bb4 Re8 14. Bxe4
Bxe4 15. Bc3 Bg6 16. Rc1 Nc6 17. Nxc6 Qxc6 18. Qd4 e5 19. Qg4 f6 20. Rfd1 d5
21. Qe2 Rad8 22. Ba5 Rd7 23. b3 d4 24. Re1 e4 25. c4 bxc4 26. Qxc4+ Qxc4 27.
Rxc4 Bf7 28. Rcc1 Bxb3 29. Rb1 Bc4 30. Rbd1 f5 31. Bb6 d3 32. Ba5 Kf7 33. g3 g5
34. Kg2 f4 35. gxf4 gxf4 36. Kh3 e3 37. fxe3 fxe3 38. Kg3 d2 39. Rg1 Be2 40.
Rb1 Rg8+ 41. Kf4 Rxg1 42. Rxg1 d1=Q 43. Rxd1 Bxd1 44. Kxe3 Ke6 45. Kf4 Rd4+ 46.
Ke3 Ba4 47. Kxd4 1/2-1/2

[Event "ODJM B 2016"]
[Site "Willingen GER"]
[Date "2016.05.18"]
[Round "6"]
[White "Reuker, Ronja"]
[Black "Wagner, Victoria"]
[Result "0-1"]
[Termination "normal"]
[Board "35"]
[WhiteElo "1132"]
[BlackElo "1395"]
[PlyCount "53"]
[WhiteFideId "12947172"]
[BlackFideId "16232348"]
[EventCountry "GER"]
[EventRounds "9"]
[EventType "swiss"]
[EventDate "2016.05.14"]

1. e4 c5 2. Nf3 d6 3. Nc3 a6 4. Bc4 e6 5. O-O Nc6 6. Re1 Be7 7. a4 Nf6 8. e5
Ng4 9. exd6 Bxd6 10. d3 Qc7 11. h3 Nge5 12. Nxe5 Nxe5 13. Qh5 O-O 14. Ne4 Nxc4
15. dxc4 Bh2+ 16. Kh1 Qe5 17. Qg4 f5 18. f4 fxg4 19. fxe5 Bxe5 20. Nxc5 Bg3 21.
Rd1 gxh3 22. gxh3 Bf4 23. Bxf4 Rxf4 24. Rd8+ Kf7 25. b3 b6 26. Nxa6 Bb7+ 27.
Kg1 0-1

[Event "ODJM B 2016"]
[Site "Willingen GER"]
[Date "2016.05.18"]
[Round "6"]
[White "Müller, Lenny William"]
[Black "Gehrke, Jakob"]
[Result "1-0"]
[Termination "normal"]
[Board "36"]
[WhiteElo "1100"]
[BlackElo "1303"]
[PlyCount "73"]
[WhiteFideId "16272811"]
[BlackFideId "12993905"]
[EventCountry "GER"]
[EventRounds "9"]
[EventType "swiss"]
[EventDate "2016.05.14"]

1. e4 d5 2. exd5 Qxd5 3. Nc3 Qd8 4. Bc4 Nf6 5. Nf3 Bf5 6. O-O e6 7. d3 c6 8.
Bf4 Be7 9. h3 h6 10. a3 Nbd7 11. Qe2 O-O 12. Rad1 Nd5 13. Bxd5 cxd5 14. Nb5 a6
15. Nd6 Bh7 16. Rfe1 Qb6 17. Qe3 Nc5 18. b4 Bxd6 19. Bxd6 Qxd6 20. Qxc5 Qxc5
21. bxc5 Rfc8 22. Rb1 Rab8 23. Ne5 Rc7 24. a4 f6 25. Nf3 e5 26. Rb6 Rc6 27.
Reb1 Rxc5 28. Rxb7 Rxb7 29. Rxb7 Ra5 30. d4 e4 31. Rb8+ Kf7 32. Rb7+ Kg6 33.
Nh4+ Kh5 34. Rxg7 Kxh4 35. Rxh7 h5 36. Rg7 Rxa4 37. Kh2 1-0

[Event "ODJM B 2016"]
[Site "Willingen GER"]
[Date "2016.05.18"]
[Round "6"]
[White "Chalabi, Tom"]
[Black "Semukhin, Sophia"]
[Result "1-0"]
[Termination "normal"]
[Board "37"]
[WhiteElo "1365"]
[BlackElo "1087"]
[PlyCount "75"]
[WhiteFideId "4003012"]
[EventCountry "GER"]
[EventRounds "9"]
[EventType "swiss"]
[EventDate "2016.05.14"]

1. e4 e5 2. Nf3 Nc6 3. Bc4 Bc5 4. c3 Nf6 5. d4 exd4 6. cxd4 Bb4+ 7. Bd2 Nxe4 8.
Bxb4 Nxb4 9. Qb3 d5 10. Qxb4 dxc4 11. Qxc4 Be6 12. Qb4 Nd6 13. O-O O-O 14. Nc3
c6 15. Rfe1 h6 16. Rad1 a5 17. Qc5 Nb5 18. Nxb5 cxb5 19. Qxb5 Qd5 20. Qxd5 Bxd5
21. a3 Rfe8 22. Kf1 Bb3 23. Rc1 Rad8 24. Re3 a4 25. Rce1 Re6 26. Ke2 Bc4+ 27.
Kd2 b5 28. Kc3 Rxe3+ 29. Rxe3 f5 30. Ne5 f4 31. Rf3 Bf1 32. Rxf4 Bxg2 33. Kb4
Bf1 34. Nc6 Rd6 35. Kc5 Rf6 36. Rxf6 gxf6 37. d5 Bh3 38. Kxb5 1-0

[Event "ODJM B 2016"]
[Site "Willingen GER"]
[Date "2016.05.18"]
[Round "6"]
[White "Kreitmeier, Anika"]
[Black "Bilek, Thomas"]
[Result "1-0"]
[Termination "normal"]
[Board "38"]
[WhiteElo "1310"]
[BlackElo "1192"]
[PlyCount "77"]
[WhiteFideId "12991775"]
[BlackFideId "12994707"]
[EventCountry "GER"]
[EventRounds "9"]
[EventType "swiss"]
[EventDate "2016.05.14"]

1. d4 d5 2. c4 Bf5 3. Nc3 e6 4. cxd5 exd5 5. Bf4 Bd6 6. Nxd5 Bxf4 7. Nxf4 Nc6
8. e3 Nge7 9. Bd3 O-O 10. Nf3 Qd7 11. O-O Ng6 12. Nxg6 fxg6 13. Rc1 Rac8 14.
Qb3+ Kh8 15. Rfd1 Bxd3 16. Rxd3 Qg4 17. Qd1 Rf5 18. Nd2 Qg5 19. Nf3 Qe7 20. Rb3
Na5 21. Rbc3 g5 22. Rc5 Rcf8 23. Rxf5 Rxf5 24. Qc2 Rf7 25. Qc5 g4 26. Ne5 b6
27. Qxe7 Rxe7 28. Nxg4 g6 29. f3 Kg7 30. e4 c6 31. b4 Nb7 32. Rxc6 h5 33. Ne5
Kh6 34. Rxg6+ Kh7 35. Rc6 Kg7 36. f4 b5 37. f5 Kh7 38. f6 Re8 39. Rc7+ 1-0

[Event "ODJM B 2016"]
[Site "Willingen GER"]
[Date "2016.05.18"]
[Round "6"]
[White "Brunner, Alexander"]
[Black "Ott, Linda"]
[Result "0-1"]
[Termination "normal"]
[Board "39"]
[WhiteElo "1246"]
[BlackElo "1057"]
[PlyCount "66"]
[WhiteFideId "12965278"]
[BlackFideId "12992453"]
[EventCountry "GER"]
[EventRounds "9"]
[EventType "swiss"]
[EventDate "2016.05.14"]

1. e4 e5 2. d4 exd4 3. Qxd4 Nc6 4. Qe3 Nf6 5. Nc3 Bb4 6. Bd2 d6 7. Qg3 Bg4 8.
f3 Bh5 9. O-O-O Nd4 10. Nb5 Bxd2+ 11. Rxd2 Nxb5 12. Bxb5+ c6 13. Rxd6 Qa5 14.
Bc4 Nd7 15. Qxg7 Ke7 16. Rd3 Ne5 17. Qg5+ f6 18. Qg7+ Bf7 19. Rc3 Nxc4 20. Ne2
Qxa2 21. Kd1 Rad8+ 22. Rd3 Nxb2+ 23. Kd2 Nxd3 24. Ke3 Rhg8 25. Qxh7 Qxc2 26.
Rc1 Qb2 27. e5 Qb6+ 28. Ke4 Qc7 29. exf6+ Kxf6 30. Qh4+ Kg7 31. Qg5+ Bg6+ 32.
Ke3 Qb6+ 33. Kd2 Nxc1+ 0-1

[Event "ODJM B 2016"]
[Site "Willingen GER"]
[Date "2016.05.18"]
[Round "6"]
[White "Strohschneider, Leon"]
[Black "Kobald, Pierre"]
[Result "0-1"]
[Termination "normal"]
[Board "40"]
[WhiteElo "996"]
[BlackElo "1241"]
[PlyCount "42"]
[WhiteFideId "16211634"]
[BlackFideId "12983659"]
[EventCountry "GER"]
[EventRounds "9"]
[EventType "swiss"]
[EventDate "2016.05.14"]

1. e4 e5 2. Nf3 Nc6 3. Bc4 Nf6 4. Nc3 Nxe4 5. Nxe4 d5 6. Bd3 dxe4 7. Bxe4 Bc5
8. c3 Bg4 9. h3 Bh5 10. Qb3 Bg6 11. Bxg6 hxg6 12. Qxb7 Kd7 13. O-O Rxh3 14.
gxh3 e4 15. Nh2 Qh4 16. Qxa8 Qxh3 17. d4 Bd6 18. f4 exf3 19. Rf2 Bxh2+ 20. Rxh2
Qg3+ 21. Kh1 Qe1# 0-1

[Event "ODJM B 2016"]
[Site "Willingen GER"]
[Date "2016.05.18"]
[Round "6"]
[White "von der Weyden, Louis"]
[Black "Winterberg, Martin"]
[Result "1/2-1/2"]
[Termination "normal"]
[Board "41"]
[WhiteElo "1387"]
[BlackElo "1046"]
[PlyCount "94"]
[WhiteFideId "16207050"]
[BlackFideId "16245091"]
[EventCountry "GER"]
[EventRounds "9"]
[EventType "swiss"]
[EventDate "2016.05.14"]

1. c4 Nf6 2. Nc3 e5 3. g3 d5 4. cxd5 Nxd5 5. Bg2 Nxc3 6. bxc3 Nc6 7. e3 Qd3 8.
Ne2 Bg4 9. f3 Be6 10. O-O Bc4 11. Re1 O-O-O 12. f4 Bc5 13. Bb2 Bxe3+ 14. Kh1
Bxd2 15. Nc1 Bxc1 16. Qxc1 Qd2 17. Qxd2 Rxd2 18. Bc1 Rxa2 19. Rxa2 Bxa2 20.
fxe5 Re8 21. Bxc6 bxc6 22. Re3 f6 23. exf6 Rxe3 24. Bxe3 gxf6 25. Bxa7 Bd5+ 26.
Kg1 Kb7 27. Bd4 f5 28. Kf2 Ka6 29. Ke3 Bc4 30. Kf4 Bd3 31. Kg5 Kb7 32. Kh6 Kc8
33. Kxh7 f4+ 34. Kg7 fxg3 35. hxg3 Be2 36. Kf6 Kd7 37. Kf5 Kd6 38. g4 Ke7 39.
g5 Bd3+ 40. Kg4 Kf7 41. Kf4 Kg6 42. Bf6 Bf1 43. Ke5 Bg2 44. Ke6 Bf3 45. Kd7 Bg2
46. Kxc7 Bf3 47. Kd6 Bg2 1/2-1/2

[Event "ODJM B 2016"]
[Site "Willingen GER"]
[Date "2016.05.18"]
[Round "6"]
[White "Meusel, Johannes"]
[Black "Kalina, Lena"]
[Result "0-1"]
[Termination "normal"]
[Board "43"]
[WhiteElo "915"]
[BlackElo "1410"]
[PlyCount "118"]
[WhiteFideId "16244893"]
[BlackFideId "12988014"]
[EventCountry "GER"]
[EventRounds "9"]
[EventType "swiss"]
[EventDate "2016.05.14"]

1. e4 g6 2. Nf3 Bg7 3. Nc3 c6 4. Bc4 b5 5. Bb3 b4 6. Ne2 d5 7. exd5 cxd5 8.
Ned4 a5 9. Ba4+ Bd7 10. Bb3 e6 11. Qe2 Ne7 12. a3 bxa3 13. Rxa3 O-O 14. O-O
Nbc6 15. Nxc6 Bxc6 16. d4 Qb6 17. Re1 Nf5 18. Qd3 Nxd4 19. Nxd4 Bxd4 20. Be3
Bxe3 21. Qxe3 Qxe3 22. Rxe3 a4 23. Ba2 Rfb8 24. b3 axb3 25. Rexb3 Rxa3 26. Rxa3
Rb2 27. c3 Rc2 28. h3 Kg7 29. f3 Kf6 30. Kh2 h5 31. Kg3 h4+ 32. Kh2 g5 33. Kg1
Rc1+ 34. Kh2 Bb5 35. Rb3 Bc4 36. Ra3 Ra1 37. g4 hxg3+ 38. Kxg3 Rxa2 39. Rxa2
Bxa2 40. h4 gxh4+ 41. Kxh4 e5 42. Kg3 Bc4 43. Kf2 Kf5 44. Ke3 f6 45. Kf2 Kf4
46. Kg2 Ke3 47. Kg3 d4 48. cxd4 exd4 49. Kg4 d3 50. f4 d2 51. Kf5 d1=Q 52. Kxf6
Kxf4 53. Ke7 Qd5 54. Ke8 Qf7+ 55. Kd8 Ke5 56. Kc8 Qe7 57. Kb8 Qd7 58. Ka8 Bd5+
59. Kb8 Qb7# 0-1

[Event "ODJM B 2016"]
[Site "Willingen GER"]
[Date "2016.05.18"]
[Round "6"]
[White "Toma, Yanis"]
[Black "Beyer, Lorenz"]
[Result "1-0"]
[Termination "normal"]
[Board "44"]
[WhiteElo "1319"]
[BlackElo "1169"]
[PlyCount "57"]
[WhiteFideId "16215460"]
[BlackFideId "16245393"]
[EventCountry "GER"]
[EventRounds "9"]
[EventType "swiss"]
[EventDate "2016.05.14"]

1. e4 d5 2. exd5 Qxd5 3. Nc3 Qa5 4. d4 c6 5. Nf3 Bf5 6. Be2 Qc7 7. O-O e6 8.
Re1 Nf6 9. Ne5 Bd6 10. Bd3 Bxd3 11. Qxd3 Bxe5 12. dxe5 Ng4 13. Qg3 h5 14. h3
Nh6 15. Qxg7 Rg8 16. Qxh6 c5 17. Ne4 Rg6 18. Nf6+ Ke7 19. Qxh5 Qc6 20. Ng4 Nd7
21. Bg5+ Ke8 22. Qh8+ Nf8 23. Nf6+ Ke7 24. Nh7+ Kd7 25. Nxf8+ Kc7 26. Qh4 Rxf8
27. f4 Qb6 28. Qf2 Kc6 29. Rad1 1-0

[Event "ODJM B 2016"]
[Site "Willingen GER"]
[Date "2016.05.18"]
[Round "6"]
[White "Reuter, Marek"]
[Black "Waligora, Franciszek"]
[Result "0-1"]
[Termination "normal"]
[Board "45"]
[WhiteElo "1152"]
[BlackElo "1021"]
[PlyCount "140"]
[WhiteFideId "16226712"]
[BlackFideId "4005120"]
[EventCountry "GER"]
[EventRounds "9"]
[EventType "swiss"]
[EventDate "2016.05.14"]

1. e4 d5 2. exd5 c6 3. dxc6 Nxc6 4. Nf3 e5 5. Bb5 Bd6 6. O-O Nf6 7. Re1 O-O 8.
d3 Nd4 9. Nxd4 exd4 10. h3 a6 11. Bc4 h6 12. c3 b5 13. Bb3 dxc3 14. Nxc3 Bb7
15. d4 b4 16. Na4 Re8 17. Rxe8+ Qxe8 18. Nb6 Rd8 19. Be3 Qe4 20. d5 Bc7 21. Bc2
Qe5 22. g3 Bxb6 23. Bxb6 Rxd5 24. Qe1 Qxb2 25. Qc1 Qe5 26. Bc7 Qe6 27. g4 Qe7
28. Bb3 Rc5 29. Qf4 Rxc7 30. Kf1 Rd7 31. Re1 Bg2+ 32. Kxg2 Qxe1 33. Qb8+ Kh7
34. Bc2+ g6 35. Qf8 Qe8 36. Qxb4 Qa8+ 37. Kg3 Qd5 38. a3 Qd6+ 39. Qf4 Qxf4+ 40.
Kxf4 Kg7 41. Ke3 Nd5+ 42. Kf3 Nc7 43. Ba4 Rd3+ 44. Ke4 Rxa3 45. Bd7 Rxh3 46. g5
hxg5 47. Bxh3 Kf8 48. Bd7 Ke7 49. Ba4 f6 50. Bc2 Ke6 51. Bb3+ Kd6 52. Kd3 Ke5
53. Bf7 f5 54. Bxg6 Kf4 55. Ke2 g4 56. Bf7 Ke4 57. Bc4 f4 58. Bd3+ Kd4 59. Bc2
f3+ 60. Kd2 Ne8 61. Bd3 a5 62. Bf5 Nf6 63. Kc2 g3 64. fxg3 f2 65. Bd3 Ng4 66.
Kd2 Nh2 67. Kc2 a4 68. g4 a3 69. g5 a2 70. Kb2 Kxd3 0-1

[Event "ODJM B 2016"]
[Site "Willingen GER"]
[Date "2016.05.18"]
[Round "6"]
[White "Reichel, Sara"]
[Black "Trams, Emma Joe"]
[Result "1-0"]
[Termination "normal"]
[Board "46"]
[WhiteElo "940"]
[BlackElo "1360"]
[PlyCount "61"]
[WhiteFideId "16245130"]
[BlackFideId "16206517"]
[EventCountry "GER"]
[EventRounds "9"]
[EventType "swiss"]
[EventDate "2016.05.14"]

1. e4 e5 2. Nf3 Nc6 3. Bc4 Nf6 4. d4 exd4 5. O-O Bc5 6. e5 Ng8 7. Re1 h6 8. c3
dxc3 9. Nxc3 Nge7 10. b3 O-O 11. Nd5 Nxd5 12. Qxd5 Bb6 13. Bb2 Nb4 14. Qd2 Ba5
15. Qe2 d5 16. Rad1 Be6 17. Bd3 Bb6 18. Qd2 Nc6 19. Qf4 d4 20. Qe4 g6 21. Nxd4
Nxd4 22. Bc4 Bxc4 23. bxc4 c5 24. Rd3 Qe7 25. Rh3 Nf5 26. Qf4 Qe6 27. g4 Ng7
28. Qxh6 Nh5 29. gxh5 Qxh3 30. e6 Qxh5 31. Qg7# 1-0

[Event "ODJM B 2016"]
[Site "Willingen GER"]
[Date "2016.05.18"]
[Round "6"]
[White "Hierl, Johannes"]
[Black "Wilmink, Luca"]
[Result "1-0"]
[Termination "normal"]
[Board "47"]
[WhiteElo "1142"]
[BlackElo "817"]
[PlyCount "71"]
[WhiteFideId "16235096"]
[BlackFideId "16245253"]
[EventCountry "GER"]
[EventRounds "9"]
[EventType "swiss"]
[EventDate "2016.05.14"]

1. Nc3 e5 2. Nf3 Nc6 3. d4 d5 4. dxe5 Bb4 5. Bd2 Nge7 6. a3 Bxc3 7. Bxc3 Bg4 8.
h3 Bxf3 9. gxf3 d4 10. Bd2 Nxe5 11. Bf4 N5g6 12. Qd2 O-O 13. O-O-O Nxf4 14.
Qxf4 h6 15. Rxd4 Nd5 16. Qd2 c6 17. Rg1 Qf6 18. e4 Nf4 19. e5 Qxe5 20. Rxf4 g5
21. h4 Rad8 22. Re4 Rxd2 23. Rxe5 Rxf2 24. hxg5 h5 25. Rf5 Re8 26. Bc4 Re7 27.
g6 Kf8 28. Rxf7+ Rxf7 29. gxf7 Ke7 30. Re1+ Kf8 31. Re8+ Kg7 32. f8=Q+ Kg6 33.
Bd3+ Kg5 34. Qf5+ Kh4 35. Qf4+ Kh3 36. Bf5+ 1-0

[Event "ODJM B 2016"]
[Site "Willingen GER"]
[Date "2016.05.18"]
[Round "6"]
[White "Gehrke, Korbinian"]
[Black "Maul, Maik"]
[Result "0-1"]
[Termination "normal"]
[Board "48"]
[WhiteElo "1234"]
[BlackElo "1354"]
[PlyCount "88"]
[WhiteFideId "12993913"]
[BlackFideId "16204816"]
[EventCountry "GER"]
[EventRounds "9"]
[EventType "swiss"]
[EventDate "2016.05.14"]

1. e4 e5 2. Nf3 Nc6 3. d4 exd4 4. Nxd4 Nxd4 5. Qxd4 b6 6. Nc3 Bb7 7. Bd3 Qh4 8.
O-O Nf6 9. h3 Bc5 10. Qe5+ Be7 11. Qxc7 Bxe4 12. Bxe4 Nxe4 13. Qb7 O-O 14. Nxe4
d5 15. Qxd5 Rfd8 16. Qb7 Rab8 17. Qc6 Rdc8 18. Qd5 Rc5 19. Qd3 Rd8 20. Qe3 Re5
21. f3 Bc5 22. Nxc5 Rxe3 23. Bxe3 bxc5 24. Rad1 Rxd1 25. Rxd1 h6 26. Bxc5 Qc4
27. Bxa7 Qxc2 28. Rd8+ Kh7 29. b4 Qxa2 30. b5 Qxa7+ 31. Kh2 Qc7+ 32. Rd6 Qxd6+
33. Kg1 Qb6+ 34. Kh1 Qxb5 35. h4 Kg6 36. g3 Qe2 37. Kg1 Kf5 38. Kh1 Qxf3+ 39.
Kg1 Kg4 40. h5 Qxg3+ 41. Kh1 Qf3+ 42. Kh2 Qe2+ 43. Kh1 Kg3 44. Kg1 Qg2# 0-1

[Event "ODJM B 2016"]
[Site "Willingen GER"]
[Date "2016.05.18"]
[Round "6"]
[White "Altgelt, Helene"]
[Black "Funke, Maximilian"]
[Result "1-0"]
[Termination "normal"]
[Board "49"]
[WhiteElo "817"]
[BlackElo "1190"]
[PlyCount "57"]
[WhiteFideId "16232020"]
[BlackFideId "16251989"]
[EventCountry "GER"]
[EventRounds "9"]
[EventType "swiss"]
[EventDate "2016.05.14"]

1. e4 e5 2. Nf3 Nc6 3. d4 exd4 4. Nxd4 Bc5 5. Be3 Nf6 6. Nxc6 Bxe3 7. Nxd8 Kxd8
8. fxe3 d6 9. Nc3 Ng4 10. Qd2 Ne5 11. O-O-O Bg4 12. Be2 Re8 13. Bxg4 Nxg4 14.
Rhf1 Ne5 15. Qf2 Kd7 16. Qf5+ Re6 17. Qxh7 g6 18. Qh3 Rae8 19. Rf6 Kd8 20. Rxe6
Rxe6 21. Qh8+ Re8 22. Qf6+ Kc8 23. Nd5 b6 24. Rd4 Re6 25. Qh8+ Kb7 26. Qd8 c5
27. Qc7+ Ka6 28. Ra4+ Kb5 29. Nc3# 1-0